Judge signals support for IR35 (Record no. 66460)

MARC details
000 -LEADER
fixed length control field 01059cam a2200241 4500
001 - CONTROL NUMBER
control field WB3712-08
008 - FIXED-LENGTH DATA ELEMENTS--GENERAL INFORMATION
fixed length control field 000000n2001 000 0 eng u
035 ## - SYSTEM CONTROL NUMBER
System control number (Sirsi) u111524
245 ## - TITLE STATEMENT
Title Judge signals support for IR35
260 ## - PUBLICATION, DISTRIBUTION, ETC.
Date of publication, distribution, etc. 2001
490 ## - SERIES STATEMENT
Series statement Financial Times
Volume/sequential designation 21 March 2001, 4(1)
490 ## - SERIES STATEMENT
Series statement Financial Times
Volume/sequential designation 20 March 2001, 3(1)
520 ## - SUMMARY, ETC.
Summary, etc. The judicial review of the IR35 tax rules has ended, with Mr Justice Burton indicating that they are unlikely to be overturned. Further remarks by the Judge, that it seemed illogical to tax consultants as employees if they were not also to be entitled to employee benefits, could also cost employers £2bn. Although the comment falls outside the remit of the judicial review it may be sufficient to establish consultants' right to employee benefits.
590 ## - LOCAL NOTE (RLIN)
Local note WB
650 ## - SUBJECT ADDED ENTRY--TOPICAL TERM
Topical term or geographic name entry element CONSULTANTS
650 ## - SUBJECT ADDED ENTRY--TOPICAL TERM
Topical term or geographic name entry element CONTRACTORS
650 ## - SUBJECT ADDED ENTRY--TOPICAL TERM
Topical term or geographic name entry element EMPLOYEE BENEFITS
650 ## - SUBJECT ADDED ENTRY--TOPICAL TERM
Topical term or geographic name entry element IR35
650 ## - SUBJECT ADDED ENTRY--TOPICAL TERM
Topical term or geographic name entry element JUDICIAL REVIEW
650 ## - SUBJECT ADDED ENTRY--TOPICAL TERM
Topical term or geographic name entry element SELF EMPLOYED
690 ## - LOCAL SUBJECT ADDED ENTRY--TOPICAL TERM (OCLC, RLIN)
Topical term or geographic name as entry element MANAGEMENT-BUSINESS MANAGEMENT
942 ## - ADDED ENTRY ELEMENTS (KOHA)
Suppress in OPAC 0
Holdings
Withdrawn status Lost status Source of classification or shelving scheme Damaged status Not for loan Home library Current library Shelving location Date acquired Total Checkouts Full call number Barcode Date last seen Copy number Price effective from Koha item type
    Dewey Decimal Classification     London London News article 21/03/2001   WB3712-08 111524-1001 06/08/2019 1 06/08/2019 News article